| 000 | 01310nam a2200265Ia 4500 | ||
|---|---|---|---|
| 999 |
_c40025 _d40025 |
||
| 001 | 6631 | ||
| 003 | GE_BSU | ||
| 005 | 20191206173209.0 | ||
| 008 | 181216s2009||||ge |||||||||||||| ||geo|| | ||
| 020 | _a9789941125928 | ||
| 040 | _cGE_BSU | ||
| 041 | _ageo | ||
| 080 | _a791.229.2:572+791.229.2:39 ლ-85 | ||
| 100 |
_aლორია, მანუჩარ _92194 |
||
| 245 |
_aანთროპოლოგიური ფილმი / _cმანუჩარ ლორია, თენგიზ ვადაჭკორია; რედ. ნუგზარ მგელაძე. |
||
| 264 |
_aთბილისი : _bუნივერსალი, _c2009. |
||
| 300 |
_a99 გვ.; _bცხრ., სურ. ; _c20 სმ. |
||
| 504 | _aბიბლიოგრ. ტექსტ. შენიშვნ. | ||
| 520 | _aრეზ. ინგლ. და რუს. | ||
| 653 | _aანთროპოლოგიური ფილმები | ||
| 653 | _aეთნოგრაფიული ფილმები | ||
| 700 |
_aვადაჭკორია, თენგიზ _eავტორი _95710 |
||
| 710 |
_aშოთა რუსთაველის სახელმწ. უნ-ტი _bნიკო ბერძენიშვილის ინ-ტი _91821 |
||
| 942 |
_cBK _2udc |
||